000 00370nam a2200133Ia 4500
008 260604s9999 xx 000 0 und d
020 _a9781032127668
082 _a658.4 MOL
100 _aCor molenaar
_935776
245 0 _aDemand-Driven Business Strategy: Digital Transformation and Business Model Innovation
260 _bRoutledge
500 _aStrategy
942 _cBK
999 _c8606
_d8606